SAIKHIK PRAJUKTIBIDYA (Record no. 16334)
[ view plain ]
| 000 -LEADER | |
|---|---|
| fixed length control field | 00444cam a2200181ua 4500 |
| 008 - FIXED-LENGTH DATA ELEMENTS--GENERAL INFORMATION | |
| fixed length control field | 060101n II |||gr||||Z||||||asm |
| 040 ## - CATALOGING SOURCE | |
| Original cataloging agency | MAIN |
| 041 ## - LANGUAGE CODE | |
| -- | English |
| 100 ## - MAIN ENTRY--PERSONAL NAME | |
| Personal name | DUTTA, GOLOK CHANDRA. |
| 245 ## - TITLE STATEMENT | |
| Title | SAIKHIK PRAJUKTIBIDYA |
| 260 ## - PUBLICATION, DISTRIBUTION, ETC. | |
| Place of publication, distribution, etc. | JORHAT: |
| Name of publisher, distributor, etc. | BIDYA BHAWAN., |
| Date of publication, distribution, etc. | 2005. |
| 300 ## - PHYSICAL DESCRIPTION | |
| Extent | 195: |
| Dimensions | 21CM. |
| 700 ## - ADDED ENTRY--PERSONAL NAME | |
| Personal name | SONOWAL, PURANJOY. |
| 700 ## - ADDED ENTRY--PERSONAL NAME | |
| Personal name | BORA, SABRITI. |
| 942 ## - ADDED ENTRY ELEMENTS (KOHA) | |
| Koha item type | Books |
| 653 ## - INDEX TERM--UNCONTROLLED | |
| Uncontrolled term | Educational Technology |
| Withdrawn status | Lost status | Source of classification or shelving scheme | Damaged status | Not for loan | Collection code | Home library | Current library | Shelving location | Date acquired | Total Checkouts | Barcode | Date last seen | Price effective from | Koha item type | Public note |
|---|---|---|---|---|---|---|---|---|---|---|---|---|---|---|---|
| Dewey Decimal Classification | TBEDU | Central Library and Information Centre Sibsagar Girls College | Central Library and Information Centre Sibsagar Girls College | EDUCATION BOOK RACK | 28.03.2006 | 20587 | 09.07.2024 | 09.07.2024 | Books | V | |||||
| Dewey Decimal Classification | TBEDU | Central Library and Information Centre Sibsagar Girls College | Central Library and Information Centre Sibsagar Girls College | EDUCATION BOOK RACK | 28.03.2006 | 20588 | 09.07.2024 | 09.07.2024 | Books | V | |||||
| Dewey Decimal Classification | TBEDU | Central Library and Information Centre Sibsagar Girls College | Central Library and Information Centre Sibsagar Girls College | EDUCATION BOOK RACK | 28.03.2006 | 20589 | 09.07.2024 | 09.07.2024 | Books | V | |||||
| Dewey Decimal Classification | TBEDU | Central Library and Information Centre Sibsagar Girls College | Central Library and Information Centre Sibsagar Girls College | EDUCATION BOOK RACK | 28.03.2006 | 20590 | 09.07.2024 | 09.07.2024 | Books | V | |||||
| Dewey Decimal Classification | TBEDU | Central Library and Information Centre Sibsagar Girls College | Central Library and Information Centre Sibsagar Girls College | EDUCATION BOOK RACK | 28.03.2006 | 20591 | 09.07.2024 | 09.07.2024 | Books | V |